000 00756nab#a2200241#c#4500
999 _c19214
_d19214
003 IEF
005 20191211122334.0
008 950704s1975 uuu|| #####0 b| |u
040 _aIEF
_cES-MaIEF
100 _aStrümpel, Burkhard
_942581
245 _aDisciplina fiscal y reforma fiscal en una sociedad en cambio
_c Burkhard Strumpel y Francisco Alvira Martín
260 _aMadrid
_b Instituto de Estudios Fiscales [IEF]
_c1975
500 _aBibliografía
650 4 _aIMPUESTOS
_947460
650 4 _aREFORMA
_910750
650 4 _aDISCIPLINA FISCAL
_910414
650 4 _aESPAÑA
_941092
700 _91025
_aAlvira Martín, Francisco
773 0 _tHacienda pública española
_w34570
_g34, p. 21-53
942 _2udc
942 _2udc